Mystery Song Lyrics Quiz 1 - Statistics

General Stats
  • This quiz has been taken 99 times
  • The average score is 72 of 147
Answer Stats
Hint Answer % Correct
I
99%
a
91%
the
86%
and
77%
And
77%
me
77%
to
73%
He
72%
it
72%
It
72%
in
68%
is
67%
my
67%
on
65%
your
65%
go
63%
be
62%
it's
59%
of
58%
I'm
56%
but
54%
But
54%
her
54%
how
54%
all
53%
just
53%
want
53%
can't
51%
was
50%
like
49%
Now
49%
now
49%
I've
46%
this
46%
did
45%
head
45%
up
45%
with
45%
Let
42%
out
42%
his
41%
only
41%
been
40%
into
40%
look
40%
because
38%
off
38%
never
36%
Coming
35%
doing
35%
eyes
35%
they're
35%
end
33%
kiss
33%
she's
33%
takes
33%
While
33%
'Cause
32%
down
32%
fine
32%
going
32%
Mr
32%
cage
31%
calling
31%
dress
31%
Gotta
31%
gotta
31%
he's
31%
taking
31%
Brightside
29%
cab
29%
killing
29%
Song Title Mr Brightside
29%
touching
29%
chest
28%
control
28%
Jealousy
28%
started
28%
drag
27%
having
27%
Open
27%
sea
27%
sick
27%
Artist The Killers
27%
turning
27%
asleep
26%
falling
26%
price
26%
smoke
26%
stomach
26%
Destiny
24%
pay
24%
bed
23%
choking
23%
saints
23%
alibis
22%
eager
22%
lullabies
22%
through
22%
Swimming
9%
No matching quizzes found
Score Distribution
Percent of People with Each Score
Percentile by Number Answered
Your Score History
You have not taken this quiz